书目信息 |
| 题名: |
工业社会和新左派
|
|
| 作者: | 马尔库塞 著 ;任立 编译 | |
| 分册: | ||
| 出版信息: | 北京 商务印书馆 1982 |
|
| 页数: | 189页 | |
| 开本: | 21cm | |
| 丛书名: | ||
| 单 册: | ||
| 中图分类: | D091.5 | |
| 科图分类: | ||
| 主题词: | 工业社会学 , 新左派 | |
| 电子资源: | ||
| ISBN: | ||
| 000 | 00714nam0 2200265 45 | |
| 001 | 0182008699 | |
| 005 | 20040429103044.3 | |
| 010 | @dCNY0.84 | |
| 091 | @a3015.333 | |
| 100 | @a19950308d1982 em y0chiy0121 ea | |
| 101 | 1 | @achi@ceng |
| 102 | @aCN@b110000 | |
| 105 | @ay z 000yy | |
| 106 | @ar | |
| 200 | 10 | @a工业社会和新左派@Agong ye she hui he xin zuo pai@f()H.马尔库塞等著@g任立编译 |
| 210 | @a北京@c商务印书馆@d1982 | |
| 215 | @a189页@d21cm | |
| 606 | @a工业社会学 | |
| 606 | @a新左派 | |
| 690 | @aD091.5@v3 | |
| 701 | 1 | @a马尔库塞@Ama er ku sai@bH.@4著 |
| 702 | 0 | @a任立@Aren li@4编译 |
| 801 | 0 | @aCN@b上海图书馆@c20040429 |
| 801 | 2 | @aCN@bNLC@c20040429 |
| 905 | @f2@b82482-483@dD091.5@e13 | |
| 工业社会和新左派/()H.马尔库塞等著/任立编译.-北京:商务印书馆,1982 |
| 189页;21cm |
| ISBN :CNY0.84 |
| ● |
| 相关链接 |
|
|
|
|
正题名:工业社会和新左派
索取号:D091.5/13
 
预约/预借
| 序号 | 登录号 | 条形码 | 馆藏地/架位号 | 状态 | 备注 |
| 1 | 0082482 | 000383891 | 密集书库/ [索取号:D091.5/13] | 在馆 | |
| 2 | 0082483 | 001019374 | 密集书库/ [索取号:D091.5/13] | 在馆 | |
| 3 | 0082484 | 000383908 | 第一样本阅览室/ [索取号:D091.5/13] | 在馆 |